Finalrunde des Afrika-Cups 2025. - Statistiken

Allgemein
  • Dieses Quiz wurde 42 mal gespielt
  • Das Durchschnittsergebnis liegt bei 13 aus 16
Antwortstatistiken
Antwort % Korrekt
Marokko
100%
Senegal
100%
Nigeria
97%
Ägypten
95%
Algerien
95%
Elfenbeinküste
92%
Mali
90%
Tunesien
85%
Kamerun
82%
DR Kongo
82%
Südafrika
79%
Sudan
62%
Tansania
62%
Bénin
59%
Mosambik
59%
Burkina Faso
51%
Keine übereinstimmenden Quizze gefunden
Verteilung der Resultate
Anzahl Personen mit jedem Resultat
Perzentil nach korrekt beantworteten Fragen
Ihre Resultats-Entwicklung
Sie haben dieses Quiz noch nicht gespielt